|
|
|
|
| LEADER |
00000nam0a2200000 4500 |
| 001 |
263374 |
| 005 |
20231101233731.0 |
| 035 |
|
|
|a (RuTPU)RU\TPU\book\286359
|
| 090 |
|
|
|a 263374
|
| 100 |
|
|
|a 20140609d1972 k y0rusy50 ca
|
| 101 |
0 |
|
|a rus
|
| 102 |
|
|
|a RU
|
| 105 |
|
|
|a a z 001zy
|
| 200 |
1 |
|
|a Трансформация энергии в биомембранах
|f В. П. Скулачев
|g Академия наук СССР (АН СССР), Институт биохимии им. А. Н. Баха (ИНБИ)
|
| 210 |
|
|
|a Москва
|c Наука
|d 1972
|
| 215 |
|
|
|a 203 с.
|c ил.
|
| 320 |
|
|
|a Библиогр.: с. 169-190.
|
| 320 |
|
|
|a Именной указатель: с. 191-195.
|
| 320 |
|
|
|a Предметный указатель: с. 196-199.
|
| 606 |
1 |
|
|a Биологические мембраны
|x Биохимия
|2 stltpush
|3 (RuTPU)RU\TPU\subj\28684
|9 52193
|
| 610 |
1 |
|
|a трансформация
|
| 610 |
1 |
|
|a энергия
|
| 610 |
1 |
|
|a сопряжение
|
| 610 |
1 |
|
|a энергетическое сопряжение
|
| 610 |
1 |
|
|a биомембраны
|
| 610 |
1 |
|
|a сопрягающие мембраны
|
| 675 |
|
|
|a 577.35
|v 3
|
| 700 |
|
1 |
|a Скулачев
|b В. П.
|g Владимир Петрович
|
| 712 |
0 |
2 |
|a Академия наук СССР (АН СССР)
|b Институт биохимии им. А. Н. Баха (ИНБИ)
|c (Москва)
|2 stltpush
|3 (RuTPU)RU\TPU\col\11920
|
| 801 |
|
1 |
|a RU
|b 63413507
|c 20140609
|
| 801 |
|
2 |
|a RU
|b 63413507
|c 20140926
|g RCR
|
| 942 |
|
|
|c BK
|